<?xml version="1.0" encoding="UTF-8"?>
<record
    xmlns:xsi="http://www.w3.org/2001/XMLSchema-instance"
    xsi:schemaLocation="http://www.loc.gov/MARC21/slim http://www.loc.gov/standards/marcxml/schema/MARC21slim.xsd"
    xmlns="http://www.loc.gov/MARC21/slim">

  <leader>04493nam a22006857a 4500</leader>
  <controlfield tag="003">AR-BeUNQ</controlfield>
  <controlfield tag="005">20250915172610.0</controlfield>
  <controlfield tag="008">250703b        |||||||| |||| 00| 0 spa d</controlfield>
  <datafield tag="020" ind1=" " ind2=" ">
    <subfield code="a">987950001000764</subfield>
  </datafield>
  <datafield tag="040" ind1=" " ind2=" ">
    <subfield code="a">AR-BeUNQ</subfield>
    <subfield code="c">AR-BeUNQ</subfield>
    <subfield code="e">aacr</subfield>
  </datafield>
  <datafield tag="082" ind1=" " ind2=" ">
    <subfield code="2">21</subfield>
    <subfield code="a">407 LEN</subfield>
  </datafield>
  <datafield tag="245" ind1="1" ind2=" ">
    <subfield code="a">Lengua y Literatura :</subfield>
    <subfield code="b">M&#xF3;dulo 1</subfield>
    <subfield code="c">Ministerio de Educaci&#xF3;n de la Naci&#xF3;n</subfield>
    <subfield code="h">libro</subfield>
  </datafield>
  <datafield tag="250" ind1=" " ind2=" ">
    <subfield code="a">1a.ed</subfield>
  </datafield>
  <datafield tag="260" ind1=" " ind2=" ">
    <subfield code="a">Ciudad Aut&#xF3;noma de Buenos Aires :</subfield>
    <subfield code="b">Mnistterio de Educaci&#xF3;n de la Naci&#xF3;n,</subfield>
    <subfield code="c">2015</subfield>
  </datafield>
  <datafield tag="300" ind1=" " ind2=" ">
    <subfield code="a">158 p. ; </subfield>
    <subfield code="b">il. ; </subfield>
    <subfield code="c">29 cm</subfield>
  </datafield>
  <datafield tag="490" ind1=" " ind2=" ">
    <subfield code="a">PLAN FINES</subfield>
  </datafield>
  <datafield tag="500" ind1=" " ind2=" ">
    <subfield code="a">MANUAL DE SECUNDARIA</subfield>
  </datafield>
  <datafield tag="520" ind1=" " ind2=" ">
    <subfield code="a">El Lenguaje. LA comunicaci&#xF3;n humana. Los actos del habla. Las clases de palabras. Las reglas de acentuaci&#xF3;n. El texto. La narraci&#xF3;n. El texto expositivo. La sint&#xE1;xis. </subfield>
  </datafield>
  <datafield tag="650" ind1=" " ind2=" ">
    <subfield code="2">Lengua </subfield>
    <subfield code="a">tell</subfield>
  </datafield>
  <datafield tag="651" ind1=" " ind2=" ">
    <subfield code="2">unescot</subfield>
    <subfield code="a">Argentina</subfield>
  </datafield>
  <datafield tag="929" ind1=" " ind2=" ">
    <subfield code="a">DONACION</subfield>
    <subfield code="b">Ministerio de Educacion de la Naci&#xF3;n</subfield>
    <subfield code="c">0</subfield>
    <subfield code="d">0</subfield>
    <subfield code="e">2017</subfield>
    <subfield code="f">PAT0083581</subfield>
    <subfield code="j">63434</subfield>
  </datafield>
  <datafield tag="929" ind1=" " ind2=" ">
    <subfield code="a">DONACION</subfield>
    <subfield code="b">Ministerio de Educacion de la Naci&#xF3;n</subfield>
    <subfield code="c">0</subfield>
    <subfield code="d">0</subfield>
    <subfield code="e">2017</subfield>
    <subfield code="f">PAT0083572</subfield>
    <subfield code="j">63473</subfield>
  </datafield>
  <datafield tag="929" ind1=" " ind2=" ">
    <subfield code="a">DONACION</subfield>
    <subfield code="b">Ministerio de Educacion de la Naci&#xF3;n</subfield>
    <subfield code="c">0</subfield>
    <subfield code="d">0</subfield>
    <subfield code="e">2017</subfield>
    <subfield code="f">PAT0083557</subfield>
    <subfield code="j">63474</subfield>
  </datafield>
  <datafield tag="929" ind1=" " ind2=" ">
    <subfield code="a">DONACION</subfield>
    <subfield code="b">Ministerio de Educacion de la Naci&#xF3;n</subfield>
    <subfield code="c">0</subfield>
    <subfield code="d">0</subfield>
    <subfield code="e">2017</subfield>
    <subfield code="f">PAT0083570</subfield>
    <subfield code="j">63475</subfield>
  </datafield>
  <datafield tag="929" ind1=" " ind2=" ">
    <subfield code="a">DONACION</subfield>
    <subfield code="b">Ministerio de Educacion de la Naci&#xF3;n</subfield>
    <subfield code="c">0</subfield>
    <subfield code="d">0</subfield>
    <subfield code="e">2017</subfield>
    <subfield code="f">PAT0083571</subfield>
    <subfield code="j">63476</subfield>
  </datafield>
  <datafield tag="929" ind1=" " ind2=" ">
    <subfield code="a">DONACION</subfield>
    <subfield code="b">Ministerio de Educacion de la Naci&#xF3;n</subfield>
    <subfield code="c">0</subfield>
    <subfield code="d">0</subfield>
    <subfield code="e">2017</subfield>
    <subfield code="f">PAT0083568</subfield>
    <subfield code="j">63477</subfield>
  </datafield>
  <datafield tag="929" ind1=" " ind2=" ">
    <subfield code="a">DONACION</subfield>
    <subfield code="b">Ministerio de Educacion de la Naci&#xF3;n</subfield>
    <subfield code="c">0</subfield>
    <subfield code="d">0</subfield>
    <subfield code="e">2017</subfield>
    <subfield code="f">PAT0083569</subfield>
    <subfield code="j">63478</subfield>
  </datafield>
  <datafield tag="929" ind1=" " ind2=" ">
    <subfield code="a">DONACION</subfield>
    <subfield code="b">Ministerio de Educacion de la Naci&#xF3;n</subfield>
    <subfield code="c">0</subfield>
    <subfield code="d">0</subfield>
    <subfield code="e">2017</subfield>
    <subfield code="f">PAT0083566</subfield>
    <subfield code="j">63479</subfield>
  </datafield>
  <datafield tag="929" ind1=" " ind2=" ">
    <subfield code="a">DONACION</subfield>
    <subfield code="b">Ministerio de Educacion de la Naci&#xF3;n</subfield>
    <subfield code="c">0</subfield>
    <subfield code="d">0</subfield>
    <subfield code="e">2017</subfield>
    <subfield code="f">PAT0083567</subfield>
    <subfield code="j">63480</subfield>
  </datafield>
  <datafield tag="929" ind1=" " ind2=" ">
    <subfield code="a">DONACION</subfield>
    <subfield code="b">Ministerio de Educacion de la Naci&#xF3;n</subfield>
    <subfield code="c">0</subfield>
    <subfield code="d">0</subfield>
    <subfield code="e">2017</subfield>
    <subfield code="f">PAT0083583</subfield>
    <subfield code="j">63481</subfield>
  </datafield>
  <datafield tag="929" ind1=" " ind2=" ">
    <subfield code="a">DONACION</subfield>
    <subfield code="b">Ministerio de Educacion de la Naci&#xF3;n</subfield>
    <subfield code="c">0</subfield>
    <subfield code="d">0</subfield>
    <subfield code="e">2017</subfield>
    <subfield code="f">PAT0083556</subfield>
    <subfield code="j">63231</subfield>
  </datafield>
  <datafield tag="929" ind1=" " ind2=" ">
    <subfield code="a">DONACION</subfield>
    <subfield code="b">Ministerio de Educacion de la Naci&#xF3;n</subfield>
    <subfield code="c">0</subfield>
    <subfield code="d">0</subfield>
    <subfield code="e">2017</subfield>
    <subfield code="f">PAT0083559</subfield>
    <subfield code="j">63232</subfield>
  </datafield>
  <datafield tag="929" ind1=" " ind2=" ">
    <subfield code="a">DONACION</subfield>
    <subfield code="b">Ministerio de Educacion de la Naci&#xF3;n</subfield>
    <subfield code="c">0</subfield>
    <subfield code="d">0</subfield>
    <subfield code="e">2017</subfield>
    <subfield code="f">PAT0083564</subfield>
    <subfield code="j">63229</subfield>
  </datafield>
  <datafield tag="929" ind1=" " ind2=" ">
    <subfield code="a">DONACION</subfield>
    <subfield code="b">Ministerio de Educacion de la Naci&#xF3;n</subfield>
    <subfield code="c">0</subfield>
    <subfield code="d">0</subfield>
    <subfield code="e">2017</subfield>
    <subfield code="f">PAT0083552</subfield>
    <subfield code="j">63228</subfield>
  </datafield>
  <datafield tag="929" ind1=" " ind2=" ">
    <subfield code="a">DONACION</subfield>
    <subfield code="b">Ministerio de Educacion de la Naci&#xF3;n</subfield>
    <subfield code="c">0</subfield>
    <subfield code="d">0</subfield>
    <subfield code="e">2017</subfield>
    <subfield code="f">PAT0083584</subfield>
    <subfield code="j">63482</subfield>
  </datafield>
  <datafield tag="929" ind1=" " ind2=" ">
    <subfield code="a">DONACION</subfield>
    <subfield code="b">Ministerio de Educaci&#xF3;n de la Nacion</subfield>
    <subfield code="c">0</subfield>
    <subfield code="d">0</subfield>
    <subfield code="e">2017</subfield>
    <subfield code="f">PAT0083582</subfield>
    <subfield code="j">63435</subfield>
  </datafield>
  <datafield tag="929" ind1=" " ind2=" ">
    <subfield code="a">DONACION</subfield>
    <subfield code="b">Ministerio de Educaci&#xF3;n de la Nacion</subfield>
    <subfield code="c">0</subfield>
    <subfield code="d">0</subfield>
    <subfield code="e">2017</subfield>
    <subfield code="f">PAT 0083554</subfield>
    <subfield code="j">63436</subfield>
  </datafield>
  <datafield tag="929" ind1=" " ind2=" ">
    <subfield code="a">DONACION</subfield>
    <subfield code="b">Ministerio de Educaci&#xF3;n de la Naci&#xF3;n</subfield>
    <subfield code="c">0</subfield>
    <subfield code="d">0</subfield>
    <subfield code="e">2017</subfield>
    <subfield code="f">PAT0083551</subfield>
    <subfield code="j">63437</subfield>
  </datafield>
  <datafield tag="929" ind1=" " ind2=" ">
    <subfield code="a">DONACION</subfield>
    <subfield code="b">Ministerio de Educaci&#xF3;n de la Nacion</subfield>
    <subfield code="c">0</subfield>
    <subfield code="d">0</subfield>
    <subfield code="e">2017</subfield>
    <subfield code="f">PAT0083588</subfield>
    <subfield code="j">63438</subfield>
  </datafield>
  <datafield tag="929" ind1=" " ind2=" ">
    <subfield code="a">DONACION</subfield>
    <subfield code="b">Ministerio de Educaci&#xF3;n de la Nacion</subfield>
    <subfield code="c">0</subfield>
    <subfield code="d">0</subfield>
    <subfield code="e">2017</subfield>
    <subfield code="f">PAT0083587</subfield>
    <subfield code="j">63439</subfield>
  </datafield>
  <datafield tag="929" ind1=" " ind2=" ">
    <subfield code="a">DONACION</subfield>
    <subfield code="b">Ministerio de Educaci&#xF3;n de la Nacion</subfield>
    <subfield code="c">0</subfield>
    <subfield code="d">0</subfield>
    <subfield code="e">2017</subfield>
    <subfield code="f">PAT0083585</subfield>
    <subfield code="j">63440</subfield>
  </datafield>
  <datafield tag="929" ind1=" " ind2=" ">
    <subfield code="a">DONACION</subfield>
    <subfield code="b">Ministerio de Educaci&#xF3;n de la Nacion</subfield>
    <subfield code="c">0</subfield>
    <subfield code="d">0</subfield>
    <subfield code="e">2017</subfield>
    <subfield code="f">PAT0083586</subfield>
    <subfield code="j">63441</subfield>
  </datafield>
  <datafield tag="929" ind1=" " ind2=" ">
    <subfield code="a">DONACION</subfield>
    <subfield code="b">Ministerio de Educaci&#xF3;n de la Nacion</subfield>
    <subfield code="c">0</subfield>
    <subfield code="d">0</subfield>
    <subfield code="e">2017</subfield>
    <subfield code="f">PAT0083576</subfield>
    <subfield code="j">63442</subfield>
  </datafield>
  <datafield tag="929" ind1=" " ind2=" ">
    <subfield code="a">DONACION</subfield>
    <subfield code="b">Ministerio de Educaci&#xF3;n de la Nacion</subfield>
    <subfield code="c">0</subfield>
    <subfield code="d">0</subfield>
    <subfield code="e">2017</subfield>
    <subfield code="f">PAT0083577</subfield>
    <subfield code="j">63443</subfield>
  </datafield>
  <datafield tag="929" ind1=" " ind2=" ">
    <subfield code="a">DONACION</subfield>
    <subfield code="b">Ministerio de Educaci&#xF3;n de la Nacion</subfield>
    <subfield code="c">0</subfield>
    <subfield code="d">0</subfield>
    <subfield code="e">2017</subfield>
    <subfield code="f">PAT0083578</subfield>
    <subfield code="j">63444</subfield>
  </datafield>
  <datafield tag="929" ind1=" " ind2=" ">
    <subfield code="a">DONACION</subfield>
    <subfield code="b">Ministerio de Educaci&#xF3;n de la Nacion</subfield>
    <subfield code="c">0</subfield>
    <subfield code="d">0</subfield>
    <subfield code="e">2017</subfield>
    <subfield code="f">PAT0083579</subfield>
    <subfield code="j">63445</subfield>
  </datafield>
  <datafield tag="929" ind1=" " ind2=" ">
    <subfield code="a">DONACION</subfield>
    <subfield code="b">Ministerio de Educaci&#xF3;n de la Nacion</subfield>
    <subfield code="c">0</subfield>
    <subfield code="d">0</subfield>
    <subfield code="e">2017</subfield>
    <subfield code="f">PAT0083580</subfield>
    <subfield code="j">63446</subfield>
  </datafield>
  <datafield tag="929" ind1=" " ind2=" ">
    <subfield code="a">DONACION</subfield>
    <subfield code="b">Ministerio de Educaci&#xF3;n de la Nacion</subfield>
    <subfield code="c">0</subfield>
    <subfield code="d">0</subfield>
    <subfield code="e">2017</subfield>
    <subfield code="f">PAT0083555</subfield>
    <subfield code="j">63447</subfield>
  </datafield>
  <datafield tag="929" ind1=" " ind2=" ">
    <subfield code="a">DONACION</subfield>
    <subfield code="b">Ministerio de Educaci&#xF3;n de la Nacion</subfield>
    <subfield code="c">0</subfield>
    <subfield code="d">0</subfield>
    <subfield code="e">2017</subfield>
    <subfield code="f">PAT0083553</subfield>
    <subfield code="j">63448</subfield>
  </datafield>
  <datafield tag="929" ind1=" " ind2=" ">
    <subfield code="a">DONACION</subfield>
    <subfield code="b">Ministerio de Educaci&#xF3;n de la Naci&#xF3;n</subfield>
    <subfield code="c">0</subfield>
    <subfield code="d">0</subfield>
    <subfield code="e">2017</subfield>
    <subfield code="f">PAT0081471</subfield>
    <subfield code="j">59744</subfield>
  </datafield>
  <datafield tag="929" ind1=" " ind2=" ">
    <subfield code="a">DONACION</subfield>
    <subfield code="b">Ministerio de Educaci&#xF3;n de la Nacion</subfield>
    <subfield code="c">0</subfield>
    <subfield code="d">0</subfield>
    <subfield code="e">2017</subfield>
    <subfield code="f">PAT0083561</subfield>
    <subfield code="j">63449</subfield>
  </datafield>
  <datafield tag="929" ind1=" " ind2=" ">
    <subfield code="a">DONACION</subfield>
    <subfield code="b">Ministerio de Educaci&#xF3;n de la Nacion</subfield>
    <subfield code="c">0</subfield>
    <subfield code="d">0</subfield>
    <subfield code="e">2017</subfield>
    <subfield code="f">PAT008356363451</subfield>
    <subfield code="j">63450</subfield>
  </datafield>
  <datafield tag="929" ind1=" " ind2=" ">
    <subfield code="a">DONACION</subfield>
    <subfield code="b">Ministerio de Educaci&#xF3;n de la Nacion</subfield>
    <subfield code="c">0</subfield>
    <subfield code="d">0</subfield>
    <subfield code="e">2017</subfield>
    <subfield code="f">PAT0083558</subfield>
    <subfield code="j">63451</subfield>
  </datafield>
  <datafield tag="929" ind1=" " ind2=" ">
    <subfield code="a">DONACION</subfield>
    <subfield code="b">Ministerio de Educaci&#xF3;n de la Nacion</subfield>
    <subfield code="c">0</subfield>
    <subfield code="d">0</subfield>
    <subfield code="e">2017</subfield>
    <subfield code="f">PAT0083562</subfield>
    <subfield code="j">63452</subfield>
  </datafield>
  <datafield tag="929" ind1=" " ind2=" ">
    <subfield code="a">DONACION</subfield>
    <subfield code="b">MINISTERIO DE EDUCACION DE LA NACI&#xD3;N</subfield>
    <subfield code="c">0</subfield>
    <subfield code="d">0</subfield>
    <subfield code="e">16/02/2018</subfield>
    <subfield code="f">0083573</subfield>
    <subfield code="j">63528</subfield>
  </datafield>
  <datafield tag="929" ind1=" " ind2=" ">
    <subfield code="a">DONACION</subfield>
    <subfield code="b">MINISTERIO DE EDUCACION DE LA NACI&#xD3;N</subfield>
    <subfield code="c">0</subfield>
    <subfield code="d">0</subfield>
    <subfield code="e">16/02/2018</subfield>
    <subfield code="f">PAT 0083574</subfield>
    <subfield code="j">63529</subfield>
  </datafield>
  <datafield tag="929" ind1=" " ind2=" ">
    <subfield code="a">DONACION</subfield>
    <subfield code="b">MINISTERIO DE EDUCACION DE LA NACI&#xD3;N</subfield>
    <subfield code="c">0</subfield>
    <subfield code="d">0</subfield>
    <subfield code="e">16/02/2018</subfield>
    <subfield code="f">PAT 0083575</subfield>
    <subfield code="j">63530</subfield>
  </datafield>
  <datafield tag="929" ind1=" " ind2=" ">
    <subfield code="a">DONACION</subfield>
    <subfield code="b">MINISTERIO DE EDUCACION DE LA NACI&#xD3;N</subfield>
    <subfield code="c">0</subfield>
    <subfield code="d">0</subfield>
    <subfield code="e">19/02/2018</subfield>
    <subfield code="f">PAT 0083565</subfield>
    <subfield code="j">63531</subfield>
  </datafield>
  <datafield tag="942" ind1=" " ind2=" ">
    <subfield code="c">LIB</subfield>
  </datafield>
  <datafield tag="999" ind1=" " ind2=" ">
    <subfield code="c">1307</subfield>
    <subfield code="d">1307</subfield>
  </datafield>
  <datafield tag="952" ind1=" " ind2=" ">
    <subfield code="0">0</subfield>
    <subfield code="1">0</subfield>
    <subfield code="a">BIBESET</subfield>
    <subfield code="b">BIBESET</subfield>
    <subfield code="c">circulacion</subfield>
    <subfield code="d">2025-07-03</subfield>
    <subfield code="l">0</subfield>
    <subfield code="o">407 LEN</subfield>
    <subfield code="p">63433</subfield>
    <subfield code="r">2025-07-03</subfield>
    <subfield code="w">2025-07-03</subfield>
    <subfield code="y">LIB</subfield>
    <subfield code="k">GA</subfield>
  </datafield>
  <datafield tag="952" ind1=" " ind2=" ">
    <subfield code="0">0</subfield>
    <subfield code="1">0</subfield>
    <subfield code="a">BIBESET</subfield>
    <subfield code="b">BIBESET</subfield>
    <subfield code="c">circulacion</subfield>
    <subfield code="d">2025-07-03</subfield>
    <subfield code="l">0</subfield>
    <subfield code="o">407 LEN</subfield>
    <subfield code="p">63434</subfield>
    <subfield code="r">2025-07-03</subfield>
    <subfield code="w">2025-07-03</subfield>
    <subfield code="y">LIB</subfield>
    <subfield code="k">GA</subfield>
  </datafield>
  <datafield tag="952" ind1=" " ind2=" ">
    <subfield code="0">0</subfield>
    <subfield code="1">0</subfield>
    <subfield code="a">BIBESET</subfield>
    <subfield code="b">BIBESET</subfield>
    <subfield code="c">circulacion</subfield>
    <subfield code="d">2025-07-03</subfield>
    <subfield code="l">0</subfield>
    <subfield code="o">407 LEN</subfield>
    <subfield code="p">63435</subfield>
    <subfield code="r">2025-07-03</subfield>
    <subfield code="w">2025-07-03</subfield>
    <subfield code="y">LIB</subfield>
    <subfield code="k">GA</subfield>
  </datafield>
  <datafield tag="952" ind1=" " ind2=" ">
    <subfield code="0">0</subfield>
    <subfield code="1">0</subfield>
    <subfield code="a">BIBESET</subfield>
    <subfield code="b">BIBESET</subfield>
    <subfield code="c">circulacion</subfield>
    <subfield code="d">2025-07-03</subfield>
    <subfield code="l">0</subfield>
    <subfield code="o">407 LEN</subfield>
    <subfield code="p">63436</subfield>
    <subfield code="r">2025-07-03</subfield>
    <subfield code="w">2025-07-03</subfield>
    <subfield code="y">LIB</subfield>
    <subfield code="k">GA</subfield>
  </datafield>
  <datafield tag="952" ind1=" " ind2=" ">
    <subfield code="0">0</subfield>
    <subfield code="1">0</subfield>
    <subfield code="a">BIBESET</subfield>
    <subfield code="b">BIBESET</subfield>
    <subfield code="c">circulacion</subfield>
    <subfield code="d">2025-07-03</subfield>
    <subfield code="l">0</subfield>
    <subfield code="o">407 LEN</subfield>
    <subfield code="p">63437</subfield>
    <subfield code="r">2025-07-03</subfield>
    <subfield code="w">2025-07-03</subfield>
    <subfield code="y">LIB</subfield>
    <subfield code="k">GA</subfield>
  </datafield>
  <datafield tag="952" ind1=" " ind2=" ">
    <subfield code="0">0</subfield>
    <subfield code="1">0</subfield>
    <subfield code="a">BIBESET</subfield>
    <subfield code="b">BIBESET</subfield>
    <subfield code="c">circulacion</subfield>
    <subfield code="d">2025-07-03</subfield>
    <subfield code="l">0</subfield>
    <subfield code="o">407 LEN</subfield>
    <subfield code="p">63438</subfield>
    <subfield code="r">2025-07-03</subfield>
    <subfield code="w">2025-07-03</subfield>
    <subfield code="y">LIB</subfield>
    <subfield code="k">GA</subfield>
  </datafield>
  <datafield tag="952" ind1=" " ind2=" ">
    <subfield code="0">0</subfield>
    <subfield code="1">0</subfield>
    <subfield code="a">BIBESET</subfield>
    <subfield code="b">BIBESET</subfield>
    <subfield code="c">circulacion</subfield>
    <subfield code="d">2025-07-03</subfield>
    <subfield code="l">0</subfield>
    <subfield code="o">407 LEN</subfield>
    <subfield code="p">63439</subfield>
    <subfield code="r">2025-07-03</subfield>
    <subfield code="w">2025-07-03</subfield>
    <subfield code="y">LIB</subfield>
    <subfield code="k">GA</subfield>
  </datafield>
  <datafield tag="952" ind1=" " ind2=" ">
    <subfield code="0">0</subfield>
    <subfield code="1">0</subfield>
    <subfield code="a">BIBESET</subfield>
    <subfield code="b">BIBESET</subfield>
    <subfield code="c">circulacion</subfield>
    <subfield code="d">2025-07-03</subfield>
    <subfield code="l">0</subfield>
    <subfield code="o">407 LEN</subfield>
    <subfield code="p">63440</subfield>
    <subfield code="r">2025-07-03</subfield>
    <subfield code="w">2025-07-03</subfield>
    <subfield code="y">LIB</subfield>
    <subfield code="k">GA</subfield>
  </datafield>
  <datafield tag="952" ind1=" " ind2=" ">
    <subfield code="0">0</subfield>
    <subfield code="1">0</subfield>
    <subfield code="a">BIBESET</subfield>
    <subfield code="b">BIBESET</subfield>
    <subfield code="c">circulacion</subfield>
    <subfield code="d">2025-07-03</subfield>
    <subfield code="l">0</subfield>
    <subfield code="o">407 LEN</subfield>
    <subfield code="p">63441</subfield>
    <subfield code="r">2025-07-03</subfield>
    <subfield code="w">2025-07-03</subfield>
    <subfield code="y">LIB</subfield>
    <subfield code="k">GA</subfield>
  </datafield>
  <datafield tag="952" ind1=" " ind2=" ">
    <subfield code="0">0</subfield>
    <subfield code="1">0</subfield>
    <subfield code="a">BIBESET</subfield>
    <subfield code="b">BIBESET</subfield>
    <subfield code="c">circulacion</subfield>
    <subfield code="d">2025-07-03</subfield>
    <subfield code="l">0</subfield>
    <subfield code="o">407 LEN</subfield>
    <subfield code="p">63442</subfield>
    <subfield code="r">2025-07-03</subfield>
    <subfield code="w">2025-07-03</subfield>
    <subfield code="y">LIB</subfield>
    <subfield code="k">GA</subfield>
  </datafield>
  <datafield tag="952" ind1=" " ind2=" ">
    <subfield code="0">0</subfield>
    <subfield code="1">0</subfield>
    <subfield code="a">BIBESET</subfield>
    <subfield code="b">BIBESET</subfield>
    <subfield code="c">circulacion</subfield>
    <subfield code="d">2025-07-03</subfield>
    <subfield code="l">0</subfield>
    <subfield code="o">407 LEN</subfield>
    <subfield code="p">63443</subfield>
    <subfield code="r">2025-07-03</subfield>
    <subfield code="w">2025-07-03</subfield>
    <subfield code="y">LIB</subfield>
    <subfield code="k">GA</subfield>
  </datafield>
  <datafield tag="952" ind1=" " ind2=" ">
    <subfield code="0">0</subfield>
    <subfield code="1">0</subfield>
    <subfield code="a">BIBESET</subfield>
    <subfield code="b">BIBESET</subfield>
    <subfield code="c">circulacion</subfield>
    <subfield code="d">2025-07-03</subfield>
    <subfield code="l">0</subfield>
    <subfield code="o">407 LEN</subfield>
    <subfield code="p">63444</subfield>
    <subfield code="r">2025-07-03</subfield>
    <subfield code="w">2025-07-03</subfield>
    <subfield code="y">LIB</subfield>
    <subfield code="k">GA</subfield>
  </datafield>
  <datafield tag="952" ind1=" " ind2=" ">
    <subfield code="0">0</subfield>
    <subfield code="1">0</subfield>
    <subfield code="a">BIBESET</subfield>
    <subfield code="b">BIBESET</subfield>
    <subfield code="c">circulacion</subfield>
    <subfield code="d">2025-07-03</subfield>
    <subfield code="l">0</subfield>
    <subfield code="o">407 LEN</subfield>
    <subfield code="p">63445</subfield>
    <subfield code="r">2025-07-03</subfield>
    <subfield code="w">2025-07-03</subfield>
    <subfield code="y">LIB</subfield>
    <subfield code="k">GA</subfield>
  </datafield>
  <datafield tag="952" ind1=" " ind2=" ">
    <subfield code="0">0</subfield>
    <subfield code="1">0</subfield>
    <subfield code="a">BIBESET</subfield>
    <subfield code="b">BIBESET</subfield>
    <subfield code="c">circulacion</subfield>
    <subfield code="d">2025-07-03</subfield>
    <subfield code="l">0</subfield>
    <subfield code="o">407 LEN</subfield>
    <subfield code="p">63446</subfield>
    <subfield code="r">2025-07-03</subfield>
    <subfield code="w">2025-07-03</subfield>
    <subfield code="y">LIB</subfield>
    <subfield code="k">GA</subfield>
  </datafield>
  <datafield tag="952" ind1=" " ind2=" ">
    <subfield code="0">0</subfield>
    <subfield code="1">0</subfield>
    <subfield code="a">BIBESET</subfield>
    <subfield code="b">BIBESET</subfield>
    <subfield code="c">circulacion</subfield>
    <subfield code="d">2025-07-03</subfield>
    <subfield code="l">0</subfield>
    <subfield code="o">407 LEN</subfield>
    <subfield code="p">63447</subfield>
    <subfield code="r">2025-07-03</subfield>
    <subfield code="w">2025-07-03</subfield>
    <subfield code="y">LIB</subfield>
    <subfield code="k">GA</subfield>
  </datafield>
  <datafield tag="952" ind1=" " ind2=" ">
    <subfield code="0">0</subfield>
    <subfield code="1">0</subfield>
    <subfield code="a">BIBESET</subfield>
    <subfield code="b">BIBESET</subfield>
    <subfield code="c">circulacion</subfield>
    <subfield code="d">2025-07-03</subfield>
    <subfield code="l">0</subfield>
    <subfield code="o">407 LEN</subfield>
    <subfield code="p">63448</subfield>
    <subfield code="r">2025-07-03</subfield>
    <subfield code="w">2025-07-03</subfield>
    <subfield code="y">LIB</subfield>
    <subfield code="k">GA</subfield>
  </datafield>
  <datafield tag="952" ind1=" " ind2=" ">
    <subfield code="0">0</subfield>
    <subfield code="1">0</subfield>
    <subfield code="a">BIBESET</subfield>
    <subfield code="b">BIBESET</subfield>
    <subfield code="c">circulacion</subfield>
    <subfield code="d">2025-07-03</subfield>
    <subfield code="l">0</subfield>
    <subfield code="o">407 LEN</subfield>
    <subfield code="p">63449</subfield>
    <subfield code="r">2025-07-03</subfield>
    <subfield code="w">2025-07-03</subfield>
    <subfield code="y">LIB</subfield>
    <subfield code="k">GA</subfield>
  </datafield>
  <datafield tag="952" ind1=" " ind2=" ">
    <subfield code="0">0</subfield>
    <subfield code="1">0</subfield>
    <subfield code="a">BIBESET</subfield>
    <subfield code="b">BIBESET</subfield>
    <subfield code="c">circulacion</subfield>
    <subfield code="d">2025-07-03</subfield>
    <subfield code="l">0</subfield>
    <subfield code="o">407 LEN</subfield>
    <subfield code="p">63450</subfield>
    <subfield code="r">2025-07-03</subfield>
    <subfield code="w">2025-07-03</subfield>
    <subfield code="y">LIB</subfield>
    <subfield code="k">GA</subfield>
  </datafield>
  <datafield tag="952" ind1=" " ind2=" ">
    <subfield code="0">0</subfield>
    <subfield code="1">0</subfield>
    <subfield code="a">BIBESET</subfield>
    <subfield code="b">BIBESET</subfield>
    <subfield code="c">circulacion</subfield>
    <subfield code="d">2025-07-03</subfield>
    <subfield code="l">0</subfield>
    <subfield code="o">407 LEN</subfield>
    <subfield code="p">63451</subfield>
    <subfield code="r">2025-07-03</subfield>
    <subfield code="w">2025-07-03</subfield>
    <subfield code="y">LIB</subfield>
    <subfield code="k">GA</subfield>
  </datafield>
  <datafield tag="952" ind1=" " ind2=" ">
    <subfield code="0">0</subfield>
    <subfield code="1">0</subfield>
    <subfield code="a">BIBESET</subfield>
    <subfield code="b">BIBESET</subfield>
    <subfield code="c">circulacion</subfield>
    <subfield code="d">2025-07-03</subfield>
    <subfield code="l">0</subfield>
    <subfield code="o">407 LEN</subfield>
    <subfield code="p">63452</subfield>
    <subfield code="r">2025-07-03</subfield>
    <subfield code="w">2025-07-03</subfield>
    <subfield code="y">LIB</subfield>
    <subfield code="k">GA</subfield>
  </datafield>
  <datafield tag="952" ind1=" " ind2=" ">
    <subfield code="0">0</subfield>
    <subfield code="1">0</subfield>
    <subfield code="a">BIBESET</subfield>
    <subfield code="b">BIBESET</subfield>
    <subfield code="c">circulacion</subfield>
    <subfield code="d">2025-07-15</subfield>
    <subfield code="o">407 LEN</subfield>
    <subfield code="p">63482</subfield>
    <subfield code="r">2025-07-15</subfield>
    <subfield code="y">LIB</subfield>
    <subfield code="k">PK</subfield>
  </datafield>
  <datafield tag="952" ind1=" " ind2=" ">
    <subfield code="0">0</subfield>
    <subfield code="1">0</subfield>
    <subfield code="a">BIBESET</subfield>
    <subfield code="b">BIBESET</subfield>
    <subfield code="c">circulacion</subfield>
    <subfield code="d">2025-07-15</subfield>
    <subfield code="l">0</subfield>
    <subfield code="o">407 LEN</subfield>
    <subfield code="p">63481</subfield>
    <subfield code="r">2025-07-15</subfield>
    <subfield code="w">2025-07-15</subfield>
    <subfield code="y">LIB</subfield>
    <subfield code="k">PK</subfield>
  </datafield>
  <datafield tag="952" ind1=" " ind2=" ">
    <subfield code="0">0</subfield>
    <subfield code="1">0</subfield>
    <subfield code="a">BIBESET</subfield>
    <subfield code="b">BIBESET</subfield>
    <subfield code="c">circulacion</subfield>
    <subfield code="d">2025-07-15</subfield>
    <subfield code="l">0</subfield>
    <subfield code="o">407 LEN</subfield>
    <subfield code="p">63480</subfield>
    <subfield code="r">2025-07-15</subfield>
    <subfield code="w">2025-07-15</subfield>
    <subfield code="y">LIB</subfield>
    <subfield code="k">PK</subfield>
  </datafield>
  <datafield tag="952" ind1=" " ind2=" ">
    <subfield code="0">0</subfield>
    <subfield code="1">0</subfield>
    <subfield code="a">BIBESET</subfield>
    <subfield code="b">BIBESET</subfield>
    <subfield code="c">circulacion</subfield>
    <subfield code="d">2025-07-15</subfield>
    <subfield code="l">0</subfield>
    <subfield code="o">407 LEN</subfield>
    <subfield code="p">63479</subfield>
    <subfield code="r">2025-07-15</subfield>
    <subfield code="w">2025-07-15</subfield>
    <subfield code="y">LIB</subfield>
    <subfield code="k">PK</subfield>
  </datafield>
  <datafield tag="952" ind1=" " ind2=" ">
    <subfield code="0">0</subfield>
    <subfield code="1">0</subfield>
    <subfield code="a">BIBESET</subfield>
    <subfield code="b">BIBESET</subfield>
    <subfield code="c">circulacion</subfield>
    <subfield code="d">2025-07-15</subfield>
    <subfield code="l">0</subfield>
    <subfield code="o">407 LEN</subfield>
    <subfield code="p">63478</subfield>
    <subfield code="r">2025-07-15</subfield>
    <subfield code="w">2025-07-15</subfield>
    <subfield code="y">LIB</subfield>
    <subfield code="k">PK</subfield>
  </datafield>
  <datafield tag="952" ind1=" " ind2=" ">
    <subfield code="0">0</subfield>
    <subfield code="1">0</subfield>
    <subfield code="a">BIBESET</subfield>
    <subfield code="b">BIBESET</subfield>
    <subfield code="c">circulacion</subfield>
    <subfield code="d">2025-07-15</subfield>
    <subfield code="l">0</subfield>
    <subfield code="o">407 LEN</subfield>
    <subfield code="p">63477</subfield>
    <subfield code="r">2025-07-15</subfield>
    <subfield code="w">2025-07-15</subfield>
    <subfield code="y">LIB</subfield>
    <subfield code="k">PK</subfield>
  </datafield>
  <datafield tag="952" ind1=" " ind2=" ">
    <subfield code="0">0</subfield>
    <subfield code="1">0</subfield>
    <subfield code="a">BIBESET</subfield>
    <subfield code="b">BIBESET</subfield>
    <subfield code="c">circulacion</subfield>
    <subfield code="d">2025-07-15</subfield>
    <subfield code="l">0</subfield>
    <subfield code="o">407 LEN</subfield>
    <subfield code="p">63476</subfield>
    <subfield code="r">2025-07-15</subfield>
    <subfield code="w">2025-07-15</subfield>
    <subfield code="y">LIB</subfield>
    <subfield code="k">PK</subfield>
  </datafield>
  <datafield tag="952" ind1=" " ind2=" ">
    <subfield code="0">0</subfield>
    <subfield code="1">0</subfield>
    <subfield code="a">BIBESET</subfield>
    <subfield code="b">BIBESET</subfield>
    <subfield code="c">circulacion</subfield>
    <subfield code="d">2025-07-15</subfield>
    <subfield code="l">0</subfield>
    <subfield code="o">407 LEN</subfield>
    <subfield code="p">63475</subfield>
    <subfield code="r">2025-07-15</subfield>
    <subfield code="w">2025-07-15</subfield>
    <subfield code="y">LIB</subfield>
    <subfield code="k">PK</subfield>
  </datafield>
  <datafield tag="952" ind1=" " ind2=" ">
    <subfield code="0">0</subfield>
    <subfield code="1">0</subfield>
    <subfield code="a">BIBESET</subfield>
    <subfield code="b">BIBESET</subfield>
    <subfield code="c">circulacion</subfield>
    <subfield code="d">2025-07-15</subfield>
    <subfield code="l">0</subfield>
    <subfield code="o">407 LEN</subfield>
    <subfield code="p">63474</subfield>
    <subfield code="r">2025-07-15</subfield>
    <subfield code="w">2025-07-15</subfield>
    <subfield code="y">LIB</subfield>
    <subfield code="k">PK</subfield>
  </datafield>
  <datafield tag="952" ind1=" " ind2=" ">
    <subfield code="0">0</subfield>
    <subfield code="1">0</subfield>
    <subfield code="a">BIBESET</subfield>
    <subfield code="b">BIBESET</subfield>
    <subfield code="c">circulacion</subfield>
    <subfield code="d">2025-07-15</subfield>
    <subfield code="l">0</subfield>
    <subfield code="o">407 LEN</subfield>
    <subfield code="p">63473</subfield>
    <subfield code="r">2025-07-15</subfield>
    <subfield code="w">2025-07-15</subfield>
    <subfield code="y">LIB</subfield>
    <subfield code="k">PK</subfield>
  </datafield>
  <datafield tag="952" ind1=" " ind2=" ">
    <subfield code="0">0</subfield>
    <subfield code="1">0</subfield>
    <subfield code="a">BIBESET</subfield>
    <subfield code="b">BIBESET</subfield>
    <subfield code="c">circulacion</subfield>
    <subfield code="d">2025-07-15</subfield>
    <subfield code="l">0</subfield>
    <subfield code="o">407 LEN</subfield>
    <subfield code="p">63232</subfield>
    <subfield code="r">2025-07-15</subfield>
    <subfield code="w">2025-07-15</subfield>
    <subfield code="y">LIB</subfield>
    <subfield code="k">PK</subfield>
  </datafield>
  <datafield tag="952" ind1=" " ind2=" ">
    <subfield code="0">0</subfield>
    <subfield code="1">0</subfield>
    <subfield code="a">BIBESET</subfield>
    <subfield code="b">BIBESET</subfield>
    <subfield code="c">circulacion</subfield>
    <subfield code="d">2025-07-15</subfield>
    <subfield code="l">0</subfield>
    <subfield code="o">407 LEN</subfield>
    <subfield code="p">63231</subfield>
    <subfield code="r">2025-07-15</subfield>
    <subfield code="w">2025-07-15</subfield>
    <subfield code="y">LIB</subfield>
    <subfield code="k">PK</subfield>
  </datafield>
  <datafield tag="952" ind1=" " ind2=" ">
    <subfield code="0">0</subfield>
    <subfield code="1">0</subfield>
    <subfield code="a">BIBESET</subfield>
    <subfield code="b">BIBESET</subfield>
    <subfield code="c">circulacion</subfield>
    <subfield code="d">2025-07-15</subfield>
    <subfield code="l">0</subfield>
    <subfield code="o">407 LEN</subfield>
    <subfield code="p">63230</subfield>
    <subfield code="r">2025-07-15</subfield>
    <subfield code="w">2025-07-15</subfield>
    <subfield code="y">LIB</subfield>
    <subfield code="k">PK</subfield>
  </datafield>
  <datafield tag="952" ind1=" " ind2=" ">
    <subfield code="0">0</subfield>
    <subfield code="1">0</subfield>
    <subfield code="a">BIBESET</subfield>
    <subfield code="b">BIBESET</subfield>
    <subfield code="c">circulacion</subfield>
    <subfield code="d">2025-07-15</subfield>
    <subfield code="l">0</subfield>
    <subfield code="o">407 LEN</subfield>
    <subfield code="p">63229</subfield>
    <subfield code="r">2025-07-15</subfield>
    <subfield code="w">2025-07-15</subfield>
    <subfield code="y">LIB</subfield>
    <subfield code="k">PK</subfield>
  </datafield>
  <datafield tag="952" ind1=" " ind2=" ">
    <subfield code="0">0</subfield>
    <subfield code="1">0</subfield>
    <subfield code="a">BIBESET</subfield>
    <subfield code="b">BIBESET</subfield>
    <subfield code="c">circulacion</subfield>
    <subfield code="d">2025-07-15</subfield>
    <subfield code="l">0</subfield>
    <subfield code="o">407 LEN</subfield>
    <subfield code="p">63228</subfield>
    <subfield code="r">2025-07-15</subfield>
    <subfield code="w">2025-07-15</subfield>
    <subfield code="y">LIB</subfield>
    <subfield code="k">PK</subfield>
  </datafield>
  <datafield tag="952" ind1=" " ind2=" ">
    <subfield code="0">0</subfield>
    <subfield code="1">0</subfield>
    <subfield code="a">BIBESET</subfield>
    <subfield code="b">BIBESET</subfield>
    <subfield code="c">circulacion</subfield>
    <subfield code="d">2025-09-15</subfield>
    <subfield code="l">0</subfield>
    <subfield code="o">407 LEN</subfield>
    <subfield code="p">63528</subfield>
    <subfield code="r">2025-09-15</subfield>
    <subfield code="w">2025-09-15</subfield>
    <subfield code="y">LIB</subfield>
    <subfield code="k">GA</subfield>
  </datafield>
  <datafield tag="952" ind1=" " ind2=" ">
    <subfield code="0">0</subfield>
    <subfield code="1">0</subfield>
    <subfield code="a">BIBESET</subfield>
    <subfield code="b">BIBESET</subfield>
    <subfield code="c">circulacion</subfield>
    <subfield code="d">2025-09-15</subfield>
    <subfield code="l">0</subfield>
    <subfield code="o">407 LEN</subfield>
    <subfield code="p">63529</subfield>
    <subfield code="r">2025-09-15</subfield>
    <subfield code="w">2025-09-15</subfield>
    <subfield code="y">LIB</subfield>
    <subfield code="k">GA</subfield>
  </datafield>
  <datafield tag="952" ind1=" " ind2=" ">
    <subfield code="0">0</subfield>
    <subfield code="1">0</subfield>
    <subfield code="a">BIBESET</subfield>
    <subfield code="b">BIBESET</subfield>
    <subfield code="c">circulacion</subfield>
    <subfield code="d">2025-09-15</subfield>
    <subfield code="l">0</subfield>
    <subfield code="o">407 LEN</subfield>
    <subfield code="p">63530</subfield>
    <subfield code="r">2025-09-15</subfield>
    <subfield code="w">2025-09-15</subfield>
    <subfield code="y">LIB</subfield>
    <subfield code="k">GA</subfield>
  </datafield>
  <datafield tag="952" ind1=" " ind2=" ">
    <subfield code="0">0</subfield>
    <subfield code="1">0</subfield>
    <subfield code="a">BIBESET</subfield>
    <subfield code="b">BIBESET</subfield>
    <subfield code="c">circulacion</subfield>
    <subfield code="d">2025-09-15</subfield>
    <subfield code="l">0</subfield>
    <subfield code="o">407 LEN</subfield>
    <subfield code="p">63531</subfield>
    <subfield code="r">2025-09-15</subfield>
    <subfield code="w">2025-09-15</subfield>
    <subfield code="y">LIB</subfield>
    <subfield code="k">GA</subfield>
  </datafield>
</record>
